Trash /

Mi alzai e scrissi una storia, dal principio alla fine. Era una di quelle del taccuino giallo, una di quelle già riscritte, ma stavolta era ancora diversa. Non era veramente me né mia mamma o le mie ragazze, non era veramente nessuna delle persone reali, ma dentro c'era la sensazione, la rabbia asso...

Descripción completa

Guardado en:
Detalles Bibliográficos
Autor principal: Allison, Dorothy (Autor)
Otros Autores: Giacobino, Margherita
Formato: Libro
Lenguaje:italiano
Publicado: Milano : Il dito e la luna, 2006
Colección:Officine t, parole in corso ; 5
Etiquetas: Agregar Etiqueta
Sin Etiquetas, Sea el primero en etiquetar este registro!

MARC

LEADER 00000nam a22000007i 4500
001 IT\ICCU\UBO\3009258
003 ItRI
005 20260115231949.0
008 060630s2006 it |||||| ||||| |||||c
020 |a 888663336X 
040 |b ita  |c importazione bologna sebina 
041 7 |a ita  |2 ISO-639-2 
100 1 |a Allison, Dorothy  |0 IT\ICCU\MODV\305388  |4 aut 
240 1 0 |a Trash  |3 IT\ICCU\RAV\2130211  |9 Allison, Dorothy 
245 1 0 |a Trash /  |c Dorothy Allison ; [traduzione di Margherita Giacobino]. 
260 |a Milano :  |b Il dito e la luna,  |c 2006 
300 |a 237 p. ;  |c 21 cm. 
520 |a Mi alzai e scrissi una storia, dal principio alla fine. Era una di quelle del taccuino giallo, una di quelle già riscritte, ma stavolta era ancora diversa. Non era veramente me né mia mamma o le mie ragazze, non era veramente nessuna delle persone reali, ma dentro c'era la sensazione, la rabbia assoluta, il dolore della mia vita. Non era la voce lamentosa, ma aveva l'accento del Sud, e aveva, anche, la gioia e l'orgoglio che a volte sentivo per me e per i miei. Non era biografia ma neanche bugie, e pulsava al ritmo delle paure delle mie sorelle e della mia disperata vergogna, e finiva con tutte le domande e le decisioni ancora aperte - soprattutto la decisione di vivere 
700 1 |a Giacobino, Margherita  |0 IT\ICCU\CFIV\137755 
790 1 |a Rigby, Elinor  |3 IT\ICCU\SBNV\055059  |z Giacobino, Margherita 
830 0 |a Officine t, parole in corso ;  |v 5  |0 IT\ICCU\TO0\1385139 
942 |2 ddc  |c BK  |n 0 
952 |0 0  |1 0  |4 0  |6 L_813_540000000000000_ALL  |7 0  |9 17955  |a BO  |b BO  |d 2026-01-15  |i 15797  |l 0  |o L 813.54 ALL  |p BO15797  |r 2026-01-15 23:19:49  |w 2026-01-15  |x [Sebina 5] [1 v.]  |y BK  |z 1 v. 
999 |c 15260  |d 15260